000 00524nam a2200205Ia 4500
005 20240823045547.0
008 240823s9999||||xx |||||||||||||| ||und||
020 _a0-87692-412-5
041 _aENGLISH
082 _A621.381548 N1
100 _aCooper W D
245 0 _aElectronic Instrumentation and Measurement Techniques
250 _a3rd
260 _c1991
_b"PHI,New Delhi"
500 _aTRANSFERED
650 _aMeasurement
_bSoftware Engineering
700 _a Helfrick A D
942 _cBK
999 _c215241
_d215241